| 000 | 01155cam a2200325 a 4500 | ||
|---|---|---|---|
| 001 | 15438325 | ||
| 003 | OSt | ||
| 005 | 20230602094548.0 | ||
| 008 | 080904s2000 ke a b 000 0 eng | ||
| 010 | _a 2008345059 | ||
| 020 | _z187987120 | ||
| 040 |
_aDLC _cDLC _dDLC |
||
| 042 | _alcode | ||
| 043 | _af-ke--- | ||
| 082 |
_a323.044 _bKIN |
||
| 100 | 0 |
_aMaina wa Kinyatti. _d1992 |
|
| 245 | 1 | 0 |
_aMau Mau : _ba revolution betrayed / _cMaina wa Kĩnyattĩ. |
| 250 | _a2nd ed. | ||
| 260 |
_aNairobi ; _aJamaica, N.Y : _bMau Mau Research Center ; _aLondon : _bVita Books, _c2000. |
||
| 300 |
_axv, 128 p. : _bill. ; _c21 cm. |
||
| 504 | _aIncludes bibliographical references. | ||
| 610 | 2 | 0 |
_aMau Mau _xHistory. |
| 651 | 0 |
_aKenya _xPolitics and government _y1963-1978. |
|
| 651 | 0 |
_aKenya _xPolitics and government _y1978-2002. |
|
| 651 | 0 |
_aKenya _xHistory _yMau Mau Emergency, 1952-1960. |
|
| 651 | 0 |
_aKenya _xPolitics and government _yTo 1963. |
|
| 906 |
_a7 _bcbc _corigcop _d3 _encip _f20 _gy-gencatlg |
||
| 942 |
_2ddc _cBK |
||
| 999 |
_c35 _d35 |
||